000 00748nam a2200205Ii 4500
003 JO-AjNU
008 230605s9999||||xx |||||||||||||| ||und||
040 _aJO-AjNU
_bara
_erda
_cJO-AjNU
041 _aara
050 1 4 _aHQ518
100 3 _aقنديل، ماهر ؛ رئيس التحرير ربيع غيث ؛ المدير الفني يسرى الحديدي,
_eauthor
_949328
245 0 0 _aالحب والزواج
264 3 1 _aبيروت: دار الشرق العربي
300 _a267ص
_bيحتوي ببلوغرافية من ص 256-267ص
336 _atext
_btxt
_2rdacontent
337 _aunmediated
_bn
_2rdamedia
338 _avolume
_bnc
_2rdacarrier
490 0 _aكتاب المراة العصرية
650 4 _aالزواج
_949329
999 _aA21659
_c25227
_d25227